Divorce and matrimonial proceedings : procedures and forms (High Court Malaya and Sabah & Sarawak)

Bibliographic Details
Main Author: Yin, Yook Khai (Author)
Format: Book
Language:English
Published: Petaling Jaya, Selangor : Sweet & Maxwell Asia , c2005
Subjects:

MARC

LEADER 00000cam a2200000 7i4500
001 0000054513
005 20141124093000.0
008 080115s2005 my eng
020 |a 9789832631576 (pbk.) 
020 |a 9832631572 (pbk.) 
050 0 0 |a d31 KPG543   |b .D58 2005 
090 0 0 |a d31 KPG543   |b .D58 2005 
245 0 0 |a Divorce and matrimonial proceedings :   |b procedures and forms (High Court Malaya and Sabah & Sarawak)   |c compiled by Yin Yook Khai 
260 |a Petaling Jaya, Selangor :   |b Sweet & Maxwell Asia ,   |c c2005 
300 |a xlii, 419 p. :   |b forms ;   |c 25 cm. 
505 0 |a 1. Introduction -- 2. Validity of marriages -- 3. Jurisdiction of court (divorce) -- 4. Divorce petition -- 5. Matrimonial relief -- 6. Institution of proceedings -- 7. Prerequisite to presentation of petition -- 8. Divorce procedure -- 9. Disability -- 10. Proceedings at trial -- 11. Proceedings before Registrar in chambers -- 12. Proceedings relating to decree and order -- 13. Miscellaneous 
650 0 |a Divorce   |x Law and legislation   |z Malaysia 
650 0 |a Domestic relations   |z Malaysia 
650 0 |a Marriage law   |z Malaysia 
700 1 |a Yin, Yook Khai ,   |e author 
999 |a 1000115776   |b Book   |c OPEN SHELF (30 DAYS)   |e Gong Badak Campus 
999 |a 1000115777   |b Book   |c OPEN SHELF (30 DAYS)   |e Gong Badak Campus 
999 |a 1000120811   |b Book   |c OPEN SHELF (30 DAYS)   |e Gong Badak Campus